Textbook of cancer epidemiology/ (Record no. 19507)

MARC details
000 -LEADER
fixed length control field 00464nam a22001457a 4500
008 - FIXED-LENGTH DATA ELEMENTS--GENERAL INFORMATION
fixed length control field 220920b |||||||| |||| 00| 0 eng d
020 ## - INTERNATIONAL STANDARD BOOK NUMBER
International Standard Book Number 0190676827
050 ## - LIBRARY OF CONGRESS CALL NUMBER
Classification number RA645
Item number .C36 2018
245 ## - TITLE STATEMENT
Title Textbook of cancer epidemiology/
Statement of responsibility, etc. Edited by Hans-olov Adami, David J. Hunter, Pagona Lagiou & Lorelei Mucci
250 ## - EDITION STATEMENT
Edition statement 3rd ed.
260 ## - PUBLICATION, DISTRIBUTION, ETC. (IMPRINT)
Place of publication, distribution, etc. New York
Name of publisher, distributor, etc. Oxford University Press
Date of publication, distribution, etc. 2018
300 ## - PHYSICAL DESCRIPTION
Extent xix, 726p.
650 ## - SUBJECT ADDED ENTRY--TOPICAL TERM
Topical term or geographic name as entry element Neoplasms
Form subdivision Epidemiology
942 ## - ADDED ENTRY ELEMENTS (KOHA)
Source of classification or shelving scheme Library of Congress Classification
Koha item type General Collection
Holdings
Withdrawn status Lost status Source of classification or shelving scheme Not for loan Home library Current library Shelving location Date acquired Cost, normal purchase price Inventory number Total Checkouts Full call number Barcode Date last seen Price effective from Koha item type Copy number
    Library of Congress Classification   Kabarak, Main Campus Kabarak, Main Campus General Stacks 20/09/2022 13418.00 1016/2022   RA645 .C36 2018 C.1 032574 20/09/2022 20/09/2022 General Collection  
    Library of Congress Classification   Kabarak, Main Campus Kabarak, Main Campus General Stacks 02/02/2023 13111.00     RA645 .C36 2018 c.2 34647 02/02/2023 02/02/2023 General Collection  
    Library of Congress Classification   Kabarak, Main Campus Kabarak, Main Campus General Stacks 05/02/2025 12486.00 2025/2125   RA645 .C36 2018 C.3 33399 05/02/2025 05/02/2025 General Collection C.3
Designed with assistance from East African Informatics Ltd